| 000 | 00769cam a2200193 i 4500 | ||
|---|---|---|---|
| 005 | 20260212102320.0 | ||
| 008 | 250721s2006 sy gr 000 f ara d | ||
| 041 | 1 |
_aara _heng |
|
| 082 | 1 | 4 |
_aق _bأ و ش |
| 100 | 1 |
_aأوشار، أوركون _eمؤلف. |
|
| 245 | 1 | 2 |
_aالعاصفة المعدنية : _bالحرب الأمريكية - التركية / _cأوركون أوشار، براق تورنا ؛ ترجمة محمد مولودفاقي. |
| 264 | 3 | 1 |
_aدمشق : _bنينوى للدراسات والنشروالتوزيع، _c2006. |
| 300 | _a355 صفحة. | ||
| 650 | 1 | 7 | _aالروايات. |
| 700 | 1 |
_aتورنا، براق _eمؤلف. |
|
| 700 | 1 |
_aفاقي، محمد مولود _eمترجم. |
|
| 942 |
_2ddc _cBK |
||
| 999 |
_c106018 _d106018 |
||